[Event "DVM U12 2011"]
[Site "Arendsee (Altmark) GER"]
[Date "2011.12.30"]
[Round "7"]
[White "von Angern, Cedric"]
[Black "Fesenmeier, Lukas"]
[Result "0-1"]
[Termination "normal"]
[Board "9.1"]
[WhiteElo "1450"]
[BlackElo "1462"]
[WhiteTeam "AE Magdeburg"]
[BlackTeam "SK Endingen"]
[WhiteFideId "12921106"]
[EventCountry "GER"]
[EventRounds "7"]
[EventType "team-swiss"]
[EventDate "2011.12.26"]

1. e4 e5 2. Nf3 Nc6 3. Bc4 Bc5 4. O-O Nf6 5. d4 Nxd4 6. Nxe5 O-O 7. Nc3 d6 8.
Nf3 Bg4 9. Be2 Nxe2+ 10. Qxe2 h6 11. h3 Bh5 12. Bf4 Re8 13. Qd3 Bg6 14. Nd2 Bb4
15. f3 Bc5+ 16. Be3 Bxe3+ 17. Qxe3 d5 18. Qd3 dxe4 19. Ndxe4 Nxe4 20. Nxe4 Qxd3
21. cxd3 Rad8 22. Rfd1 Rd4 23. Rac1 c6 24. Re1 f5 25. Nf2 Kf7 26. Rxe8 Kxe8 27.
Rc4 Rxc4 28. dxc4 Kd7 29. Nd3 Bf7 30. b3 b6 31. Ne5+ Ke6 32. Nxc6 a5 33. f4 Kd6
34. Nd4 Be6 35. Kf2 Bd7 36. g3 Kc5 37. Nc2 Bc6 38. a3 a4 39. b4+ Kxc4 40. Ne3+
Kb3 41. Nxf5 Kxa3 42. Nxg7 Kb2 43. f5 a3 44. f6 Bd5 45. Nf5 a2 46. Nxh6 a1=Q
47. f7 Bxf7 48. Nxf7 Qa7 49. Ne5 b5+ 50. Kf3 Qa8+ 51. Ke3 Qg2 52. g4 Qxh3+ 53.
Kf4 Qf1+ 54. Kg3 Qe1+ 55. Kf4 Qxb4+ 56. Kf5 Qf8+ 57. Ke4 Kc3 58. g5 b4 0-1

[Event "DVM U12 2011"]
[Site "Arendsee (Altmark) GER"]
[Date "2011.12.30"]
[Round "7"]
[White "Bleyer, Kalle"]
[Black "Rößler, Linus Benedict"]
[Result "1-0"]
[Termination "normal"]
[Board "9.2"]
[WhiteElo "1350"]
[BlackElo "1558"]
[WhiteTeam "SK Endingen"]
[BlackTeam "AE Magdeburg"]
[WhiteFideId "1270775"]
[BlackFideId "12921076"]
[EventCountry "GER"]
[EventRounds "7"]
[EventType "team-swiss"]
[EventDate "2011.12.26"]

1. e4 c5 2. Nf3 d6 3. d4 cxd4 4. Nxd4 Nf6 5. Nc3 a6 6. Be3 e5 7. Nb3 Be6 8. Be2
Be7 9. Bf3 O-O 10. O-O Nbd7 11. h3 b5 12. Ne2 Nb6 13. Bxb6 Qxb6 14. Ng3 Qc7 15.
c3 Qd7 16. Qc2 Rac8 17. a3 Rfd8 18. Rad1 Qc7 19. Nd2 a5 20. Qd3 Qb6 21. Rc1 Rc7
22. Be2 Rb8 23. b4 a4 24. Rc2 Qc6 25. Rfc1 Qa6 26. c4 bxc4 27. Nxc4 Bxc4 28.
Rxc4 Rxc4 29. Qxc4 Qxc4 30. Bxc4 g6 31. f3 Kf8 32. Bd3 Ra8 33. Kf2 Nd7 34. Rc7
Nb6 35. Rb7 Nc8 36. Bb5 h6 1-0

[Event "DVM U12 2011"]
[Site "Arendsee (Altmark) GER"]
[Date "2011.12.30"]
[Round "7"]
[White "Wagner, Tobias"]
[Black "Galli, Elias"]
[Result "0-1"]
[Termination "normal"]
[Board "9.3"]
[WhiteElo "1304"]
[BlackElo "1229"]
[WhiteTeam "AE Magdeburg"]
[BlackTeam "SK Endingen"]
[WhiteFideId "12943452"]
[BlackFideId "1270780"]
[EventCountry "GER"]
[EventRounds "7"]
[EventType "team-swiss"]
[EventDate "2011.12.26"]

1. e4 e5 2. Nf3 Nc6 3. Bc4 Bc5 4. O-O Nf6 5. d4 Bxd4 6. Nxd4 Nxd4 7. Na3 d6 8.
c3 Nc6 9. Bg5 h6 10. Bxf6 Qxf6 11. Nc2 Be6 12. Bb5 O-O 13. Bxc6 bxc6 14. Nb4 c5
15. Nd5 Bxd5 16. exd5 Rac8 17. Qa4 Ra8 18. Qc6 Rfc8 19. a3 a5 20. h3 Qd8 21.
Ra2 Qe8 22. Qxe8+ Rxe8 23. Rfa1 a4 24. Rb1 Reb8 25. f3 c4 26. Re1 f5 27. g3 Ra5
28. Rd1 Rbb5 29. Kf2 Rxd5 30. Rxd5 Rxd5 31. Ke2 Kf7 32. Ra1 Rb5 33. Rb1 Kf6 34.
f4 g5 35. fxg5+ hxg5 36. Kd2 Rd5+ 37. Kc2 Rd3 38. g4 Rxh3 39. gxf5 Rh2+ 0-1

[Event "DVM U12 2011"]
[Site "Arendsee (Altmark) GER"]
[Date "2011.12.30"]
[Round "7"]
[White "Fesenmeier, Karl"]
[Black "Wolff, Marti"]
[Result "1-0"]
[Termination "normal"]
[Board "9.4"]
[WhiteElo "1213"]
[BlackElo "1173"]
[WhiteTeam "SK Endingen"]
[BlackTeam "AE Magdeburg"]
[BlackFideId "12943487"]
[EventCountry "GER"]
[EventRounds "7"]
[EventType "team-swiss"]
[EventDate "2011.12.26"]

1. e4 c5 2. Nf3 Nc6 3. d4 cxd4 4. Nxd4 g6 5. Nxc6 bxc6 6. Bd3 Bg7 7. O-O d6 8.
Bd2 Rb8 9. Bc3 Bxc3 10. bxc3 e5 11. Bc4 Nf6 12. Nd2 d5 13. exd5 cxd5 14. Bb3
O-O 15. Re1 Qc7 16. c4 d4 17. Nf3 Bg4 18. h3 Bh5 19. g4 Nxg4 20. hxg4 Bxg4 21.
Qd3 Rfe8 22. Re4 Bf5 23. Rae1 Bxe4 24. Qxe4 f5 25. Qd5+ Qf7 26. Rxe5 Rxe5 27.
Qxe5 Rd8 28. Nxd4 Qg7 29. Qxg7+ Kxg7 30. Ne6+ 1-0